00951nam a2200241 a 450000100100000000500170001000800410002704000250006808200150009324501550010826001010026330000270036449000230039150000730041450400270048770000300051470000280054470000270057270000340059970000280063370000250066183000230068600003006820200930060021.0110428s2005 dr a 000 0 spa d aDO-SdBNPbspacBNPHU axxxbC183i01aCamino a la inclusión :bestrategia educativas para la integracion de estudiantes con pérdidas auditivas /cOnelia Aybar Sepúlveda... [ et.al.]. aSanto Domingo :bInstituto de Ayuda al Sordo Santa Rosa :bBanco Mundial,c2005.fEditora Búho a36 p. :bil. ;c28 cm.1 aCiencia y sociedad aIncluye referencias bibliográficas y notas al pie de las páginas aBibliografía : p. 361 aAybar Sepúlveda, Onelia1 aCruz Marte, Clara Elena1 aMessina Arvelo, Yadixa1 aJiménez, Casilda Inmaculada1 aRomán, Hollinnngshead1 aMatos Terrero, Sonia 0aCiencia y sociedad